<?xml version="1.0" encoding="UTF-8"?>
<marc:record xmlns:marc="http://www.loc.gov/MARC21/slim">
   <marc:leader>00000nam a2200000 a 4500</marc:leader>
   <marc:datafield ind1="1" ind2=" " tag="100">
      <marc:subfield code="a">Kasten, Mona</marc:subfield>
      <marc:subfield code="4">aut</marc:subfield>
      <marc:subfield code="e">Verfasser/-in</marc:subfield>
   </marc:datafield>
   <marc:datafield ind1=" " ind2=" " tag="653">
      <marc:subfield code="a">Weibliche Jugend</marc:subfield>
   </marc:datafield>
   <marc:datafield ind1=" " ind2=" " tag="653">
      <marc:subfield code="a">Geheimnis</marc:subfield>
   </marc:datafield>
   <marc:datafield ind1=" " ind2=" " tag="653">
      <marc:subfield code="a">Erste Liebe</marc:subfield>
   </marc:datafield>
   <marc:datafield ind1=" " ind2=" " tag="653">
      <marc:subfield code="a">Universität</marc:subfield>
   </marc:datafield>
   <marc:datafield ind1=" " ind2=" " tag="653">
      <marc:subfield code="a">Jugendroman</marc:subfield>
   </marc:datafield>
   <marc:datafield ind1="0" ind2="0" tag="245">
      <marc:subfield code="a">Save me</marc:subfield>
   </marc:datafield>
   <marc:datafield ind1="0" ind2="0" tag="245">
      <marc:subfield code="b">Roman</marc:subfield>
   </marc:datafield>
   <marc:datafield ind1=" " ind2="1" tag="264">
      <marc:subfield code="b">Lyx</marc:subfield>
      <marc:subfield code="c">2018</marc:subfield>
   </marc:datafield>
   <marc:datafield ind1="1" ind2=" " tag="490">
      <marc:subfield code="a">Maxton-Hall-Trilogie</marc:subfield>
   </marc:datafield>
   <marc:datafield ind1="1" ind2=" " tag="520">
      <marc:subfield code="a">Klappentext: Geld, Glamour, Luxus, Macht - all das könnte Ruby Bell nicht weniger interessieren. Seit sie ein Stipendium für das renommierte Maxton Hall College erhalten hat, versucht sie in erster Linie eins: ihren Mitschülern so wenig wie möglich aufzufallen. Vor allem von James Beaufort, dem heimlichen Anführer des Colleges, hält sie sich fern. Er ist zu arrogant, zu reich, zu attraktiv. Während Rubys größter Traum ein Studium in Oxford ist, scheint er nur für die nächste Party zu leben. Doch dann findet Ruby etwas heraus, was sonst niemand weiß - etwas, was den Ruf von Jamesæ Familie zerstören würde, sollte es an die Öffentlichkeit geraten. Plötzlich weiß James genau, wer sie ist. Und obwohl sie niemals Teil seiner Welt sein wollte, lassen ihr James - und ihr Herz - schon bald keine andere Wahl ...  Biografie Mona Kasten wurde 1992 in Hamburg geboren und studierte Bibliotheks- und Informationsmanagement, bevor sie sich ganz dem Schreiben widmete. Sie lebt gemeinsam mit ihrem Mann und ihren Katzen sowie unendlich vielen Büchern in Niedersachsen, liebt Koffein in jeglicher Form, lange Waldspaziergänge und Tage, an denen sie nur schreiben kann. Die Autorin freut sich immer, von ihren Lesern auf Twitter zu hören (@MonaKasten). Weitere Informationen unter: monakasten.de.</marc:subfield>
   </marc:datafield>
   <marc:datafield ind1=" " ind2=" " tag="020">
      <marc:subfield code="a">9783736305564</marc:subfield>
      <marc:subfield code="9">9783736305564</marc:subfield>
   </marc:datafield>
</marc:record>
